000 00310nam a22001337a 4500
008 181101b xxu||||| |||| 00| 0 eng d
020 _a9781557662651
041 _aeng
080 _a159.9
100 _a49
101 _aPSI
245 _aSexuality. After spinal cord injury
_cDucharme, S.H
942 _2udc
_cBK
999 _c51508
_d51508